000 00883cab a2200217 4500
001 ABS40105
008 090401t1988 xxu||||| |||| 00| 0 eng d
035 _a(Sirsi) u21513
041 _aeng
100 _aHamnett, C.
245 _aRegional variations in house prices and house price inflation in Britain, 1969-1988
260 _c1988
350 _a0
490 _aRoyal Bank of Scotland Review
_v(159) September 1988, 29-40(12)
520 _aA topical analysis of diffferences in house price behaviour in the various regions of Britain, especially as between the South East and the rest, which casts doubt on suggestions that a permanent and growing gap is emerging. References. (Journal Abstract)
650 _aHOUSING MARKET
650 _aNORTH-SOUTH DIVIDE
690 _aPROPERTY-RESIDENTIAL PROPERTY-RESIDENTIAL PROPERTY MARKET
942 _n0
948 _c04/03/1997
999 _c14442
_d14442